000 00740nam a2200241 a 4500
001 BRL_449
005 20190320210740.0
008 140813s1968----nyua#####e---#000-0#eng-#
041 _aeng
044 _anyu
050 4 _aF1219.3.A7
_b.M49 1968
100 1 _aNoel, Bernard
_923947
245 1 0 _aMexican art
_cBernard Noel.
260 _aNew York
_bTudor Publishing, CO.
_c1968
300 _av.
_bil.
_c15 cm.
440 0 _aMexican art
_923948
500 _aV.I, Au482 ; V.II, Au481 ; V.IV, Au473
505 0 _aI. From the beginning to the olmecs.-- II. Teotihuacan-Tajin-Monte Alban.-- IV. Toltecs-Aztecs.
650 1 4 _aArte indígena
_923949
650 1 4 _aIndígenas de México
_xArtesanias.
_923950
902 _aGRL
942 _2lcc
_cB
999 _c9261
_d9261